000 00460nam a2200181Ia 4500
001 3664
005 20260306145700.0
008 260306t2008||||xx |||||||||||||| ||spa||
041 _aESP
082 _a301.07
_bS72
100 _aSouza Minayo, Maria Cecília de
_eAUT
245 0 _aInvestigación social:
_bteoría, método y creatividad
260 _c2008
300 _a64 páginas :
_c20 cm.
650 _aGEN
654 _aCHU
942 _cLIB
_dJUS
_fJUS
_2ddc
_n
999 _c3664
_d3664